00938nam a2200277 i 450000100060000000300090000600500170001500700030003200800410003508000230007608000210009908000190012010000290013924500540016826000330022230000380025549000220029350000290031560000280034465000440037265000420041683000300045885200330048899900170052195201220053818385ES-MaACL20230906151826.0t|011213s1973 fr ||||1| fre d a929 Vo-Nguyen-Giap a959.6/8"1946/54" a959.7"1961/75"1 aLe Quang, Gerard.97091610aGiap ou La guerre du peuple / cGérad le Quang. aParis : bDenoël, c[1973] a252 p., [8] p. de fot. ; c23 cm.1 aGrands reportages aBiblioteca Juan Andrade.14aVo-Nguyen-Giap.911563514aGuerra de Indochina-y1946-1954.91318614aGuerra del Vietnam, 1961-1975.9132040 aGrands reportages9228799 aES-MaACLjAND-141 bR.109438 c18385d18385 00104070aATENEOMbATENEOMcDEPO2d2008-01-17eSCl0oAND-141p1018806r2023-02-23 00:00:00w2023-02-23yMONOGRAFIA